000
00273 a2200145 4500
001
59294
020
_a
8508064705
040
_c
Anchieta - Pituba
240
1
0
_a
Química
_l
por
245
1
0
_a
Química
300
_a
64
362
0
_a
1997
650
4
_a
Química
942
_c
BK
999
_c
59294
_d
59294